000 00509nam a22001817a 4500
005 20170829142345.0
010 _aENG-120152
020 _a9789380663845
_c595.00
035 _aEN-103684
037 _bDBAD/PUB
082 _a181.4
100 _aMatilal,Rudra Prasad
245 _aSaecularism in Hinduism /
_cby Rudra Prasad Matilal
260 _aKolkata
_bLevant Books
_c2013
270 _a27C,Creek Row
_bKolkata
_e700014
300 _a304p.
_c22cm (Hb)
942 _2ddc
_cEN
_h181.4
_mMAT
999 _c143895
_d143895